Представление документа в формате RUSMARC

ПолеНазваниеЗначение
  Тип записи c
  Библиографический уровень m
001 Контрольный номер UONB/NOTY/8e7d15f590514611b29e3eb1ad410f78
005 Дата корректировки 20251118164522.4
010 Индекс ISBN __
9 Тираж 25000 экз.
013 Номер (ISMN) __
d Цена 40 к.
071 Издательские номер (звукозапись и ноты) 21
a Номер, присвоенный агентством 11335
100 Данные общей обработки __
a Данные общей обработки 20220709g1981 u##y0rusy0189## ca
101 Язык документа 0_
a Язык текста rus
f Язык титульного листа rus
102 Страна публикации __
a Страна публикации RU
125 Кодированные данные звукозаписи и нотных изданий __
a Форма изложения нотного текста с
128 Кодированные данные (звукозаписи-физические характеристики) __
a Кодированные данные: Музыкальная форма и тональность или лад sg
a Кодированные данные: Музыкальная форма и тональность или лад рр
c Инструменты или голоса, рекомендуемые для солистов (устаревшее) vu
200 Заглавие и сведения об ответственности 1_
a Заглавие Вып. 23
203 Вид содержания и тип средства __
a Вид содержания Музыка
b Характеристика содержания знаковая
c Тип средства непосредственная
210 Выходные данные 1_
d Дата издания 1981
215 Физическое описание __
a Объем 34 с. включ. обл.
327 Примечание о содержании 11
a Примечание о содержании Содерж. : Хвойницкий В. Будет хлеб - будут песни / сл. О. Милявского. - Кеворков В. У юности - столетья впереди / сл. Ф. Алиевой ; пер. с авар. В. Туркина. - Птичкин Е. Всегда на высоте! / сл. М. Пляцковского. - Голиков В. Стальная трасса / сл. Е. Карасева. - Якушенко И. Солдатский строй / сл. И. Шаферана. - Мартынов Е. Звучи, любовь! / сл. Р. Рождественского. - Чугунов Ю. Будет праздник.
461 Уровень набора _0
1 2001
a Поющие гитары
b Ноты
e песни из репертуара вок.-инструм. ансамбля
e для голоса [ансамбля] с фп. [и букв.-цифр. обозначением]
v Вып. 23
1 2101
a Л.
c Музыка
d 1971 -
1 001UONB/NOTY/81adac9626ce47afb0df047894e4433d
1 215
d 29 см
1 71002
a "Поющие гитары"
c вокально-инструментальный ансамбль
4 590
464 Аналитический уровень _0
1 700 1
a Хвойницкий
b В.
1 702 1
a Милявский
b О.
4 520
1 2001
a Будет хлеб - будут песни
1 036
t Казалось, нет конца и края полю...
464 Аналитический уровень _0
1 700 1
a Кеворков
b В.
1 702 1
a Алиева
b Ф.
4 520
1 702 1
a Туркин
b В.
4 730
1 2001
a У юности - столетья впереди
1 036
t Я - молодость. Я - сердце комсомола...
464 Аналитический уровень _0
1 700 1
a Птичкин
b Е.
1 702 1
a Пляцковский
b М.
4 520
1 2001
a Всегда на высоте!
1 036
t Космонавт на борту корабля...
464 Аналитический уровень _0
1 700 1
a Голиков
b В.
1 702 1
a Карасев
b Е.
4 520
1 2001
a Стальная трасса
1 036
t На рельсах дрожит отсвет костра...
464 Аналитический уровень _0
1 700 1
a Якушенко
b И.
1 702 1
a Шаферан
b И.
4 520
1 2001
a Солдатский строй
1 036
t Мальчишки зависть не таят...
464 Аналитический уровень _0
1 700 1
a Мартынов
b Е.
1 702 1
a Рождественский
b Р.
4 520
1 2001
a Звучи, любовь!
1 036
t Я тебя люблю, моя награда...
464 Аналитический уровень _0
1 700 1
a Чугунов
b Ю.
1 2001
a Будет праздник
512 Заглавие обложки 1_
a Заглавие обложки Поющие гитары
606 Тематические рубрики 0_
a Основная рубрика Песни советских композиторов
x Основная подрубрика Из репертуара
x Основная подрубрика Эстрадные ансамбли
x Основная подрубрика Популярные песни
x Основная подрубрика Инструментальная музыка
610 Ключевые слова 0_
a Ключевые слова песни советских композиторов; популярные песни; инструментальная музыка; из репертуара; "Поющие гитары", вокально-инструментальный ансамбль
686 Индексы других классификаций __
a Классификационный индекс 85.943.4-42-041.5я43
a Классификационный индекс 85.952.18я43
a Классификационный индекс 85.952,8
801 Источник записи _0
a Страна RU
b Организация Ульяновская ОНБ
c Дата составления 20220709
g Правила каталогизации RCR
801 Источник записи _1
a Страна RU
b Организация Ульяновская ОНБ
c Дата составления 20220709
g Правила каталогизации RCR
901 Тип документа __
t Тип документа n
w Контрольный № источника UONB/NOTY/81adac9626ce47afb0df047894e4433d
909 Создатель записи __
a Создатель записи Грязнова И. Е.